Musculoskeletal Diseases 2017-2020 Diagnostic Imaging /

This book focuses on with musculoskeletal imaging: during the last few years, there have been considerable advances in this area, driven by clinical as well as technological developments. The authors, internationally renowned experts in their field, have contributed chapters that are disease-oriente...

Πλήρης περιγραφή

Λεπτομέρειες βιβλιογραφικής εγγραφής
Συγγραφή απο Οργανισμό/Αρχή: SpringerLink (Online service)
Άλλοι συγγραφείς: Hodler, Juerg (Επιμελητής έκδοσης), Kubik-Huch, Rahel A. (Επιμελητής έκδοσης), von Schulthess, Gustav K. (Επιμελητής έκδοσης)
Μορφή: Ηλεκτρονική πηγή Ηλ. βιβλίο
Γλώσσα:English
Έκδοση: Cham : Springer International Publishing : Imprint: Springer, 2017.
Θέματα:
Διαθέσιμο Online:Full Text via HEAL-Link
LEADER 02868nam a22004695i 4500
001 978-3-319-54018-4
003 DE-He213
005 20170419120643.0
007 cr nn 008mamaa
008 170419s2017 gw | s |||| 0|eng d
020 |a 9783319540184  |9 978-3-319-54018-4 
024 7 |a 10.1007/978-3-319-54018-4  |2 doi 
040 |d GrThAP 
050 4 |a R895-920 
072 7 |a MMPH  |2 bicssc 
072 7 |a MMP  |2 bicssc 
072 7 |a MED008000  |2 bisacsh 
082 0 4 |a 616.0757  |2 23 
245 1 0 |a Musculoskeletal Diseases 2017-2020  |h [electronic resource] :  |b Diagnostic Imaging /  |c edited by Juerg Hodler, Rahel A. Kubik-Huch, Gustav K. von Schulthess. 
264 1 |a Cham :  |b Springer International Publishing :  |b Imprint: Springer,  |c 2017. 
300 |a IX, 339 p. 68 illus., 10 illus. in color.  |b online resource. 
336 |a text  |b txt  |2 rdacontent 
337 |a computer  |b c  |2 rdamedia 
338 |a online resource  |b cr  |2 rdacarrier 
347 |a text file  |b PDF  |2 rda 
505 0 |a Adult Tumors: Soft Tissue, Bone, Bone Marrow -- Ankle and Foot -- Arthritis -- Elbow -- Hip -- Infection -- Knee -- Metabolic / Endocrine -- Muscle Imaging -- Pediatric MSK Trauma: What Is Unique and What Not To Miss -- Pelvis and Groin -- Peripheral Nerve Imaging -- Postoperative Knee -- Postoperative Knee and Shoulder -- Primary Bone and Soft Tissue Tumors in Children -- Shoulder: Instability -- Shoulder: Rotator Cuff -- Spine: Degeneration and Inflammation -- Spine: Trauma -- Ultrasonography: Sports Injuries -- Wrist and Hand. . 
520 |a This book focuses on with musculoskeletal imaging: during the last few years, there have been considerable advances in this area, driven by clinical as well as technological developments. The authors, internationally renowned experts in their field, have contributed chapters that are disease-oriented and cover all relevant imaging modalities, including magnetic resonance imaging, computed tomography, and positron emission tomography. As a result, this book offers a comprehensive review of the state of the art in musculoskeletal imaging. It is a valuable resource for general radiologists, radiology residents, rheumatologists, orthopaedic surgeons, and clinicians from other specialities wishing to update their knowledge in this discipline. 
650 0 |a Medicine. 
650 0 |a Radiology. 
650 0 |a Orthopedics. 
650 1 4 |a Medicine & Public Health. 
650 2 4 |a Imaging / Radiology. 
650 2 4 |a Orthopedics. 
700 1 |a Hodler, Juerg.  |e editor. 
700 1 |a Kubik-Huch, Rahel A.  |e editor. 
700 1 |a von Schulthess, Gustav K.  |e editor. 
710 2 |a SpringerLink (Online service) 
773 0 |t Springer eBooks 
776 0 8 |i Printed edition:  |z 9783319540177 
856 4 0 |u http://dx.doi.org/10.1007/978-3-319-54018-4  |z Full Text via HEAL-Link 
912 |a ZDB-2-SME 
950 |a Medicine (Springer-11650)